00840nam a2200205Ia 4500003000900000008004100009040001600050080002200066111010700088245021100195260005500406300001400461650004100475650001800516650001300534700001900547700001900566700002200585700002700607IN-BaIIA211028s9999 xx 000 0 eng d cIIA Library a52-77(082.2)bCOM aWorkshop on Compact Steep Spectrum and GHZ Peaked Spectrum Radio SourcescNetherlandsd1990 June 18-19 0aCompact steep spectrum and GHZ peaked spectrum radio sourcesbworkshop held in Dwingeloo the Netherlands on June 18-19, 1990cedited by C. Fanti…[et al.]  aBolognabConsiglio Nazionale Della Richerchec1990 aii, 234p. aAstronomy and Astrophysics Thesaurus aRadio Sources aSpectrum aFanti, C., ed. aFanti, R., ed. aO'Dea, C. P., ed. aSchilizzi, R. T., ed.